[Event "ODJM C 2024"]
[Site "Willingen GER"]
[Date "2024.05.25"]
[Round "9"]
[White "Michaelis, Leon"]
[Black "Yarmish, Kyryl"]
[Result "0-1"]
[Termination "normal"]
[Board "26"]
[WhiteElo "917"]
[BlackElo "1707"]
[WhiteClock "01:16:02"]
[BlackClock "00:27:57"]
[PlyCount "44"]
[WhiteFideId "34660542"]
[BlackFideId "34691880"]
[EventCountry "GER"]
[EventRounds "9"]
[EventType "swiss"]
[EventDate "2024.05.18"]

1. e4 {[%clk 01:30:58]} {[%emt 00:00:02]} Nf6 {[%clk 01:30:55]} {[%emt
00:00:06]} 2. Nc3 {[%clk 01:31:12]} {[%emt 00:00:15]} d5 {[%clk 01:31:19]}
{[%emt 00:00:07]} 3. e5 {[%clk 01:30:16]} {[%emt 00:01:26]} d4 {[%clk
01:31:39]} {[%emt 00:00:09]} 4. exf6 {[%clk 01:29:43]} {[%emt 00:01:04]} dxc3
{[%clk 01:31:56]} {[%emt 00:00:13]} 5. fxg7 {[%emt 00:00:44]} cxd2+ {[%emt
00:00:13]} 6. Bxd2 {[%clk 01:29:04]} {[%emt 00:00:12]} Bxg7 {[%clk 01:32:09]}
{[%emt 00:00:17]} 7. c3 {[%clk 01:29:05]} {[%emt 00:00:29]} Nc6 {[%clk
01:31:15]} {[%emt 00:01:24]} 8. Nf3 {[%clk 01:28:51]} {[%emt 00:00:45]} Bg4
{[%clk 01:30:38]} {[%emt 00:01:07]} 9. g3 {[%clk 01:26:31]} {[%emt 00:02:49]}
Ne5 {[%clk 01:26:24]} {[%emt 00:04:44]} 10. Bg2 {[%clk 01:26:22]} {[%emt
00:00:39]} Nd3+ {[%clk 01:25:19]} {[%emt 00:01:35]} 11. Ke2 {[%clk 01:26:11]}
{[%emt 00:00:42]} Nxb2 {[%clk 01:24:34]} {[%emt 00:01:16]} 12. Qb1 {[%clk
01:25:08]} {[%emt 00:01:32]} Nc4 {[%clk 01:23:47]} {[%emt 00:01:19]} 13. Qb5+
{[%clk 01:25:27]} {[%emt 00:00:11]} c6 {[%clk 01:23:23]} {[%emt 00:00:53]} 14.
Qxc4 {[%clk 01:25:48]} {[%emt 00:00:08]} Qd6 {[%clk 01:16:35]} {[%emt
00:07:18]} 15. Rhe1 {[%clk 01:24:55]} {[%emt 00:01:23]} Bxf3+ {[%clk 00:48:55]}
{[%emt 00:28:10]} 16. Bxf3 {[%clk 01:24:55]} {[%emt 00:00:30]} Rd8 {[%clk
00:48:05]} {[%emt 00:01:19]} 17. Rad1 {[%clk 01:23:53]} {[%emt 00:01:33]} O-O
{[%clk 00:38:14]} {[%emt 00:10:22]} 18. Kf1 {[%clk 01:22:28]} {[%emt 00:01:55]}
Qf6 {[%clk 00:32:04]} {[%emt 00:06:39]} 19. Bg2 {[%clk 01:21:53]} {[%emt
00:01:05]} Rd7 {[%clk 00:30:43]} {[%emt 00:01:51]} 20. Bh3 {[%clk 01:21:15]}
{[%emt 00:01:07]} e6 {[%clk 00:29:11]} {[%emt 00:02:03]} 21. Bxe6 {[%clk
01:16:45]} {[%emt 00:05:00]} fxe6 {[%clk 00:27:57]} {[%emt 00:01:44]} 22. Rxe6
{[%clk 01:16:02]} {[%emt 00:00:09]} Qxf2# {[%clk 00:27:57]} 0-1

[Event "ODJM C 2024"]
[Site "Willingen GER"]
[Date "2024.05.25"]
[Round "9"]
[White "Schmidt, Emelie"]
[Black "Berger, Jennifer"]
[Result "1-0"]
[Termination "normal"]
[Board "27"]
[WhiteElo "1171"]
[BlackElo "1462"]
[WhiteClock "00:27:09"]
[BlackClock "00:26:10"]
[PlyCount "105"]
[WhiteFideId "34682490"]
[BlackFideId "34630074"]
[EventCountry "GER"]
[EventRounds "9"]
[EventType "swiss"]
[EventDate "2024.05.18"]

1. d4 {[%clk 01:30:58]} {[%emt 00:00:01]} c6 {[%clk 01:30:56]} {[%emt
00:00:04]} 2. Nf3 {[%clk 01:30:57]} {[%emt 00:00:31]} d5 {[%clk 01:31:08]}
{[%emt 00:00:18]} 3. Bf4 {[%clk 01:31:05]} {[%emt 00:00:21]} e6 {[%clk
01:31:17]} {[%emt 00:00:22]} 4. e3 {[%clk 01:30:46]} {[%emt 00:00:50]} f5
{[%clk 01:30:32]} {[%emt 00:01:15]} 5. Be2 {[%clk 01:29:55]} {[%emt 00:01:21]}
Bd6 {[%clk 01:28:08]} {[%emt 00:02:55]} 6. Bxd6 {[%emt 00:03:14]} Qxd6 {[%clk
01:28:04]} {[%emt 00:00:32]} 7. O-O {[%clk 01:26:02]} {[%emt 00:01:40]} Nf6
{[%clk 01:27:54]} {[%emt 00:00:40]} 8. c4 {[%clk 01:24:45]} {[%emt 00:01:46]}
O-O {[%clk 01:28:02]} {[%emt 00:00:23]} 9. Nc3 {[%clk 01:23:37]} {[%emt
00:01:38]} Ne4 {[%clk 01:26:28]} {[%emt 00:03:06]} 10. Qc2 {[%clk 01:13:35]}
{[%emt 00:10:31]} Nd7 {[%clk 01:22:37]} {[%emt 00:04:21]} 11. a3 {[%clk
01:06:39]} {[%emt 00:07:26]} Ndf6 {[%clk 01:21:10]} {[%emt 00:01:57]} 12. c5
{[%clk 01:00:09]} {[%emt 00:07:01]} Qc7 {[%clk 01:15:55]} {[%emt 00:05:44]} 13.
b4 {[%clk 00:58:42]} {[%emt 00:01:57]} Bd7 {[%clk 01:01:58]} {[%emt 00:14:27]}
14. Ne5 {[%clk 00:52:06]} {[%emt 00:07:06]} Rab8 {[%clk 00:54:49]} {[%emt
00:07:38]} 15. Rfc1 {[%clk 00:47:28]} {[%emt 00:05:08]} Be8 {[%clk 00:51:41]}
{[%emt 00:03:39]} 16. a4 {[%clk 00:44:51]} {[%emt 00:03:08]} Nd7 {[%clk
00:50:05]} {[%emt 00:02:05]} 17. Nf3 {[%clk 00:40:47]} {[%emt 00:04:35]} Bh5
{[%clk 00:49:04]} {[%emt 00:01:30]} 18. Ne1 {[%clk 00:39:20]} {[%emt 00:01:57]}
Bxe2 {[%clk 00:44:59]} {[%emt 00:04:35]} 19. Qxe2 {[%clk 00:38:56]} {[%emt
00:00:55]} Ndf6 {[%clk 00:42:31]} {[%emt 00:02:58]} 20. Nf3 {[%clk 00:38:53]}
{[%emt 00:00:33]} Ng4 {[%clk 00:40:56]} {[%emt 00:02:03]} 21. h3 {[%clk
00:34:03]} {[%emt 00:05:21]} Ngxf2 {[%clk 00:39:32]} {[%emt 00:01:54]} 22. Ne5
{[%clk 00:32:31]} {[%emt 00:02:03]} Nxc3 {[%clk 00:38:38]} {[%emt 00:01:23]}
23. Rxc3 {[%clk 00:32:36]} {[%emt 00:00:25]} Ne4 {[%clk 00:38:52]} {[%emt
00:00:16]} 24. Rb3 {[%clk 00:32:54]} {[%emt 00:00:12]} Rbd8 {[%clk 00:38:04]}
{[%emt 00:01:16]} 25. b5 {[%clk 00:31:58]} {[%emt 00:01:27]} f4 {[%clk
00:34:46]} {[%emt 00:03:49]} 26. Qg4 {[%clk 00:30:47]} {[%emt 00:01:41]} fxe3
{[%clk 00:29:17]} {[%emt 00:05:58]} 27. Qxe6+ {[%clk 00:29:56]} {[%emt
00:01:22]} Kh8 {[%clk 00:29:31]} {[%emt 00:00:16]} 28. Rxe3 {[%clk 00:29:55]}
{[%emt 00:00:31]} Nf6 {[%clk 00:28:39]} {[%emt 00:01:19]} 29. bxc6 {[%clk
00:28:47]} {[%emt 00:01:40]} Rfe8 {[%emt 00:06:33]} 30. Qf7 {[%clk 00:23:09]}
{[%emt 00:00:48]} Qxf7 {[%clk 00:25:08]} {[%emt 00:03:18]} 31. Nxf7+ {[%clk
00:22:03]} {[%emt 00:01:36]} Kg8 {[%clk 00:24:49]} {[%emt 00:00:50]} 32. Nxd8
{[%clk 00:22:21]} {[%emt 00:00:12]} Rxe3 {[%clk 00:24:59]} {[%emt 00:00:20]}
33. cxb7 {[%clk 00:22:32]} {[%emt 00:00:19]} Rb3 {[%clk 00:25:17]} {[%emt
00:00:12]} 34. c6 {[%clk 00:22:49]} {[%emt 00:00:13]} Ne8 {[%clk 00:25:13]}
{[%emt 00:00:34]} 35. Rc1 {[%clk 00:22:53]} {[%emt 00:00:26]} Nc7 {[%clk
00:25:32]} {[%emt 00:00:10]} 36. Rf1 {[%clk 00:22:43]} {[%emt 00:00:40]} Rb2
{[%clk 00:25:44]} {[%emt 00:00:18]} 37. Rf7 {[%clk 00:21:20]} {[%emt 00:01:52]}
Ne8 {[%emt 00:03:30]} 38. c7 {[%clk 00:21:12]} {[%emt 00:00:21]} Nxc7 {[%clk
00:22:38]} {[%emt 00:00:53]} 39. Rxc7 {[%clk 00:21:36]} {[%emt 00:00:07]} Rb1+
{[%clk 00:22:08]} {[%emt 00:00:59]} 40. Kh2 {[%clk 00:22:00]} {[%emt 00:00:06]}
h6 {[%clk 00:22:28]} {[%emt 00:00:10]} 41. Rc8 {[%clk 00:22:15]} {[%emt
00:00:16]} Rxb7 {[%clk 00:22:37]} {[%emt 00:00:21]} 42. Nxb7+ {[%clk 00:22:40]}
{[%emt 00:00:05]} Kh7 {[%clk 00:22:48]} {[%emt 00:00:19]} 43. a5 {[%clk
00:23:06]} {[%emt 00:00:05]} a6 {[%clk 00:23:10]} {[%emt 00:00:07]} 44. Ra8
{[%clk 00:23:32]} {[%emt 00:00:04]} Kg6 {[%clk 00:23:30]} {[%emt 00:00:09]} 45.
Rxa6+ {[%clk 00:23:57]} {[%emt 00:00:05]} Kh7 {[%clk 00:23:46]} {[%emt
00:00:14]} 46. Rd6 {[%clk 00:24:15]} {[%emt 00:00:12]} g5 {[%clk 00:24:09]}
{[%emt 00:00:07]} 47. a6 {[%clk 00:24:41]} {[%emt 00:00:04]} h5 {[%clk
00:24:31]} {[%emt 00:00:07]} 48. a7 {[%clk 00:25:05]} {[%emt 00:00:06]} g4
{[%clk 00:24:57]} {[%emt 00:00:04]} 49. a8=Q {[%emt 00:00:08]} g3+ {[%clk
00:25:11]} {[%emt 00:00:15]} 50. Kg1 {[%clk 00:25:53]} {[%emt 00:00:05]} h4
{[%clk 00:25:35]} {[%emt 00:00:06]} 51. Na5 {[%clk 00:26:18]} {[%emt 00:00:06]}
Kg7 {[%clk 00:25:51]} {[%emt 00:00:13]} 52. Qa7+ {[%clk 00:26:42]} {[%emt
00:00:06]} Kf8 {[%clk 00:26:10]} {[%emt 00:00:10]} 53. Rd8# {[%clk 00:27:09]}
{[%emt 00:00:04]} 1-0

[Event "ODJM C 2024"]
[Site "Willingen GER"]
[Date "2024.05.25"]
[Round "9"]
[White "Trunz, Daniel"]
[Black "Pawlus, Daniel"]
[Result "0-1"]
[Termination "normal"]
[Board "28"]
[WhiteElo "1458"]
[BlackElo "1060"]
[WhiteClock "00:56:22"]
[BlackClock "00:36:10"]
[PlyCount "82"]
[WhiteFideId "34640797"]
[BlackFideId "34672320"]
[EventCountry "GER"]
[EventRounds "9"]
[EventType "swiss"]
[EventDate "2024.05.18"]

1. e4 {[%clk 01:30:55]} {[%emt 00:00:04]} c5 {[%clk 01:30:44]} {[%emt
00:00:17]} 2. Bc4 {[%clk 01:30:50]} {[%emt 00:00:35]} g6 {[%clk 01:30:33]}
{[%emt 00:00:40]} 3. c3 {[%clk 01:30:15]} {[%emt 00:01:05]} Bg7 {[%clk
01:29:54]} {[%emt 00:01:09]} 4. d4 {[%clk 01:30:23]} {[%emt 00:00:22]} cxd4
{[%clk 01:28:31]} {[%emt 00:01:54]} 5. cxd4 {[%clk 01:30:29]} {[%emt 00:00:24]}
Nc6 {[%clk 01:24:59]} {[%emt 00:04:02]} 6. Nf3 {[%clk 01:30:09]} {[%emt
00:00:50]} d6 {[%clk 01:22:31]} {[%emt 00:02:58]} 7. Ng5 {[%clk 01:15:49]}
{[%emt 00:14:49]} Nh6 {[%clk 01:19:45]} {[%emt 00:03:17]} 8. Qb3 {[%clk
01:15:48]} {[%emt 00:00:31]} Nxd4 {[%clk 01:14:39]} {[%emt 00:05:35]} 9. Qc3
{[%clk 01:13:43]} {[%emt 00:02:33]} O-O {[%clk 01:11:11]} {[%emt 00:04:02]} 10.
Be3 {[%clk 01:11:05]} {[%emt 00:03:07]} Nf3+ {[%clk 01:09:31]} {[%emt
00:02:11]} 11. Nxf3 {[%clk 01:10:44]} {[%emt 00:00:50]} Bxc3+ {[%clk 01:09:29]}
{[%emt 00:00:32]} 12. Nxc3 {[%clk 01:10:42]} {[%emt 00:00:32]} Ng4 {[%clk
01:04:39]} {[%emt 00:05:20]} 13. Bg5 {[%clk 01:10:29]} {[%emt 00:00:42]} Nf6
{[%clk 01:00:47]} {[%emt 00:04:24]} 14. Rd1 {[%clk 01:09:53]} {[%emt 00:01:05]}
Bg4 {[%clk 00:57:39]} {[%emt 00:03:38]} 15. e5 {[%clk 01:09:19]} {[%emt
00:01:04]} Bxf3 {[%clk 00:53:57]} {[%emt 00:04:13]} 16. gxf3 {[%clk 01:09:19]}
{[%emt 00:00:29]} dxe5 {[%clk 00:49:49]} {[%emt 00:04:39]} 17. Rc1 {[%clk
01:08:32]} {[%emt 00:01:17]} Qc7 {[%emt 00:02:55]} 18. Ne4 {[%clk 01:08:31]}
Rac8 {[%clk 00:45:02]} {[%emt 00:03:22]} 19. b3 {[%clk 01:07:52]} {[%emt
00:01:10]} Nxe4 {[%clk 00:44:00]} {[%emt 00:01:32]} 20. fxe4 {[%clk 01:07:48]}
{[%emt 00:00:33]} a6 {[%clk 00:43:30]} {[%emt 00:01:00]} 21. Rb1 {[%clk
01:06:43]} {[%emt 00:01:35]} Kg7 {[%clk 00:40:42]} {[%emt 00:03:17]} 22. O-O
{[%clk 01:05:22]} {[%emt 00:01:52]} Qd7 {[%emt 00:03:59]} 23. Rbd1 {[%clk
01:02:58]} Qg4+ {[%clk 00:39:28]} {[%emt 00:01:06]} 24. Kh1 {[%clk 01:02:38]}
{[%emt 00:00:53]} Qxg5 {[%clk 00:39:23]} {[%emt 00:00:37]} 25. Rd5 {[%clk
01:02:36]} {[%emt 00:00:29]} f6 {[%clk 00:38:40]} {[%emt 00:01:14]} 26. Rd7
{[%clk 01:01:11]} {[%emt 00:01:55]} Rfe8 {[%clk 00:37:41]} {[%emt 00:01:28]}
27. Rd5 {[%clk 00:58:24]} {[%emt 00:03:18]} Rxc4 {[%clk 00:37:00]} {[%emt
00:01:11]} 28. bxc4 {[%clk 00:58:38]} {[%emt 00:00:16]} Qf4 {[%clk 00:36:18]}
{[%emt 00:01:09]} 29. f3 {[%clk 00:58:29]} {[%emt 00:00:43]} f5 {[%clk
00:35:43]} {[%emt 00:01:05]} 30. exf5 {[%clk 00:58:08]} {[%emt 00:00:51]} gxf5
{[%clk 00:35:55]} {[%emt 00:00:19]} 31. Rd7 {[%clk 00:56:47]} {[%emt 00:01:51]}
e4 {[%clk 00:35:45]} {[%emt 00:00:39]} 32. Rg1+ {[%clk 00:56:25]} {[%emt
00:00:53]} Kf6 {[%clk 00:35:50]} {[%emt 00:00:24]} 33. Rxb7 {[%clk 00:56:02]}
{[%emt 00:00:53]} Qxf3+ {[%clk 00:35:57]} {[%emt 00:00:24]} 34. Rg2 {[%clk
00:56:21]} {[%emt 00:00:11]} Rd8 {[%clk 00:35:32]} {[%emt 00:00:53]} 35. Rb6+
{[%clk 00:56:01]} {[%emt 00:00:52]} Kf7 {[%clk 00:35:21]} {[%emt 00:00:38]} 36.
Rb1 {[%clk 00:56:08]} {[%emt 00:00:26]} Rd1+ {[%clk 00:34:54]} {[%emt
00:00:56]} 37. Rxd1 {[%clk 00:56:26]} {[%emt 00:00:12]} Qxd1+ {[%clk 00:35:16]}
{[%emt 00:00:08]} 38. Rg1 {[%clk 00:56:40]} {[%emt 00:00:15]} Qf3+ {[%clk
00:35:25]} {[%emt 00:00:20]} 39. Rg2 {[%clk 00:57:01]} {[%emt 00:00:11]} e3
{[%clk 00:35:35]} {[%emt 00:00:20]} 40. Kg1 {[%clk 00:57:08]} {[%emt 00:00:23]}
e2 {[%clk 00:35:47]} {[%emt 00:00:18]} 41. Rxe2 {[%clk 00:56:22]} {[%emt
00:01:16]} Qxe2 {[%clk 00:36:10]} {[%emt 00:00:07]} 0-1

[Event "ODJM C 2024"]
[Site "Willingen GER"]
[Date "2024.05.25"]
[Round "9"]
[White "Giss, Annika"]
[Black "Prokscha, Kilian"]
[Result "1-0"]
[Termination "normal"]
[Board "29"]
[WhiteElo "1642"]
[BlackElo "695"]
[WhiteClock "01:06:26"]
[BlackClock "01:21:24"]
[PlyCount "143"]
[WhiteFideId "34673148"]
[BlackFideId "533002843"]
[EventCountry "GER"]
[EventRounds "9"]
[EventType "swiss"]
[EventDate "2024.05.18"]

1. e4 {[%clk 01:30:59]} {[%emt 00:00:01]} d5 {[%clk 01:30:47]} {[%emt
00:00:13]} 2. exd5 {[%clk 01:31:21]} {[%emt 00:00:07]} Qxd5 {[%clk 01:31:05]}
{[%emt 00:00:12]} 3. Nc3 {[%clk 01:31:42]} {[%emt 00:00:09]} Qa5 {[%clk
01:31:18]} {[%emt 00:00:17]} 4. d4 {[%clk 01:31:41]} {[%emt 00:00:31]} c6
{[%clk 01:31:36]} {[%emt 00:00:11]} 5. Bd2 {[%clk 01:31:50]} {[%emt 00:00:22]}
Nf6 {[%clk 01:31:24]} {[%emt 00:00:41]} 6. Nf3 {[%clk 01:32:06]} {[%emt
00:00:13]} g6 {[%clk 01:31:42]} {[%emt 00:00:12]} 7. Bc4 {[%clk 01:31:39]}
{[%emt 00:00:57]} Bg7 {[%clk 01:31:15]} {[%emt 00:00:57]} 8. Nd5 {[%clk
01:27:49]} {[%emt 00:04:20]} Qd8 {[%clk 01:30:26]} {[%emt 00:01:18]} 9. Ne3
{[%clk 01:27:44]} {[%emt 00:00:36]} O-O {[%clk 01:28:50]} {[%emt 00:02:06]} 10.
O-O {[%clk 01:27:40]} {[%emt 00:00:33]} Bg4 {[%clk 01:28:11]} {[%emt 00:01:10]}
11. Nxg4 {[%clk 01:25:49]} {[%emt 00:02:23]} Nxg4 {[%clk 01:28:11]} {[%emt
00:00:28]} 12. Bc3 {[%clk 01:25:45]} {[%emt 00:00:34]} Nd7 {[%clk 01:27:07]}
{[%emt 00:01:34]} 13. h3 {[%clk 01:25:02]} {[%emt 00:01:13]} Ngf6 {[%clk
01:26:20]} {[%emt 00:01:18]} 14. Re1 {[%clk 01:21:56]} {[%emt 00:03:36]} Nb6
{[%clk 01:25:18]} {[%emt 00:01:32]} 15. Bb3 {[%clk 01:20:59]} {[%emt 00:01:26]}
Nbd5 {[%clk 01:24:36]} {[%emt 00:01:13]} 16. Bxd5 {[%clk 01:20:01]} {[%emt
00:01:28]} Nxd5 {[%clk 01:23:37]} {[%emt 00:01:29]} 17. Re2 {[%clk 01:18:45]}
{[%emt 00:01:45]} Nxc3 {[%clk 01:23:21]} {[%emt 00:00:47]} 18. bxc3 {[%clk
01:19:06]} {[%emt 00:00:10]} Bf6 {[%clk 01:23:17]} {[%emt 00:00:33]} 19. Rb1
{[%clk 01:17:40]} {[%emt 00:01:56]} Qc7 {[%clk 01:22:54]} {[%emt 00:00:54]} 20.
Rb3 {[%clk 01:16:05]} {[%emt 00:02:06]} Qd7 {[%clk 01:20:52]} {[%emt 00:02:31]}
21. Qb1 {[%clk 01:15:17]} {[%emt 00:01:18]} Rab8 {[%clk 01:20:35]} {[%emt
00:00:47]} 22. Ne1 {[%clk 01:13:33]} {[%emt 00:02:14]} e6 {[%clk 01:19:46]}
{[%emt 00:01:19]} 23. Nd3 {[%clk 01:13:39]} {[%emt 00:00:24]} Bd8 {[%clk
01:18:52]} {[%emt 00:01:24]} 24. Nc5 {[%clk 01:13:50]} {[%emt 00:00:19]} Qc7
{[%clk 01:18:31]} {[%emt 00:00:51]} 25. Nxb7 {[%clk 01:13:02]} {[%emt
00:01:18]} Be7 {[%clk 01:17:07]} {[%emt 00:01:54]} 26. Re5 {[%clk 01:12:01]}
{[%emt 00:01:31]} Ba3 {[%clk 01:16:20]} {[%emt 00:01:18]} 27. Nc5 {[%clk
01:10:07]} {[%emt 00:02:24]} Bxc5 {[%clk 01:16:09]} {[%emt 00:00:41]} 28. Rxc5
{[%clk 01:10:27]} {[%emt 00:00:10]} a5 {[%clk 01:15:33]} {[%emt 00:01:06]} 29.
Rc4 {[%clk 01:08:31]} {[%emt 00:02:26]} Rfc8 {[%clk 01:14:50]} {[%emt
00:01:13]} 30. a4 {[%clk 01:03:24]} {[%emt 00:05:37]} Kh8 {[%clk 01:14:00]}
{[%emt 00:01:20]} 31. g3 {[%clk 01:02:40]} {[%emt 00:01:14]} f5 {[%clk
01:13:52]} {[%emt 00:00:39]} 32. Qe1 {[%clk 01:02:43]} {[%emt 00:00:27]} Qd6
{[%clk 01:13:47]} {[%emt 00:00:35]} 33. Qe5+ {[%clk 01:02:35]} {[%emt
00:00:39]} Qxe5 {[%clk 01:12:59]} {[%emt 00:01:19]} 34. dxe5 {[%clk 01:02:59]}
{[%emt 00:00:06]} Rxb3 {[%clk 01:13:05]} {[%emt 00:00:23]} 35. cxb3 {[%clk
01:03:21]} {[%emt 00:00:07]} Rd8 {[%clk 01:13:15]} {[%emt 00:00:21]} 36. Rxc6
{[%clk 01:03:29]} {[%emt 00:00:22]} Rd1+ {[%clk 01:13:29]} {[%emt 00:00:16]}
37. Kg2 {[%clk 01:03:47]} {[%emt 00:00:12]} Ra1 {[%clk 01:13:50]} {[%emt
00:00:10]} 38. Rxe6 {[%clk 01:04:05]} {[%emt 00:00:12]} Rb1 {[%clk 01:13:50]}
{[%emt 00:00:30]} 39. Rb6 {[%clk 01:04:10]} {[%emt 00:00:24]} Rc1 {[%clk
01:13:52]} {[%emt 00:00:28]} 40. e6 {[%clk 01:03:35]} {[%emt 00:01:06]} Re1
{[%clk 01:14:16]} {[%emt 00:00:05]} 41. Ra6 {[%clk 01:03:43]} {[%emt 00:00:22]}
Re5 {[%clk 01:14:22]} {[%emt 00:00:23]} 42. Kf3 {[%clk 01:04:01]} {[%emt
00:00:13]} g5 {[%clk 01:14:34]} {[%emt 00:00:18]} 43. e7 {[%clk 01:03:22]}
{[%emt 00:01:09]} Rxe7 {[%clk 01:14:51]} {[%emt 00:00:13]} 44. Rxa5 {[%clk
01:03:44]} {[%emt 00:00:08]} Rc7 {[%clk 01:15:16]} {[%emt 00:00:05]} 45. c4
{[%clk 01:04:00]} {[%emt 00:00:15]} Kg8 {[%clk 01:15:35]} {[%emt 00:00:11]} 46.
Rxf5 {[%clk 01:04:19]} {[%emt 00:00:10]} h6 {[%clk 01:15:39]} {[%emt 00:00:26]}
47. Kg4 {[%clk 01:04:18]} {[%emt 00:00:32]} Kg7 {[%clk 01:15:09]} {[%emt
00:01:00]} 48. Kh5 {[%clk 01:04:09]} {[%emt 00:00:38]} Kh7 {[%clk 01:15:02]}
{[%emt 00:00:37]} 49. Rf6 {[%clk 01:04:25]} {[%emt 00:00:15]} Rb7 {[%clk
01:15:14]} {[%emt 00:00:19]} 50. Rxh6+ {[%clk 01:04:42]} {[%emt 00:00:12]} Kg7
{[%clk 01:15:31]} {[%emt 00:00:13]} 51. Kxg5 {[%clk 01:04:54]} {[%emt
00:00:18]} Rxb3 {[%clk 01:15:50]} {[%emt 00:00:12]} 52. g4 {[%clk 01:04:33]}
{[%emt 00:00:51]} Rb4 {[%clk 01:16:16]} {[%emt 00:00:04]} 53. f4 {[%clk
01:04:54]} {[%emt 00:00:09]} Rxc4 {[%clk 01:16:28]} {[%emt 00:00:18]} 54. f5
{[%clk 01:05:11]} {[%emt 00:00:12]} Rxa4 {[%clk 01:16:54]} {[%emt 00:00:05]}
55. f6+ {[%clk 01:05:22]} {[%emt 00:00:18]} Kf8 {[%clk 01:17:13]} {[%emt
00:00:12]} 56. Rg6 {[%clk 01:05:43]} {[%emt 00:00:09]} Ra5+ {[%clk 01:17:26]}
{[%emt 00:00:17]} 57. Kh6 {[%clk 01:05:20]} {[%emt 00:00:52]} Ra7 {[%clk
01:17:49]} {[%emt 00:00:07]} 58. Rg7 {[%clk 01:04:43]} {[%emt 00:01:06]} Ra6
{[%clk 01:18:10]} {[%emt 00:00:10]} 59. Kg6 {[%clk 01:04:00]} {[%emt 00:01:14]}
Ra3 {[%clk 01:18:08]} {[%emt 00:00:32]} 60. Rh7 {[%clk 01:04:12]} {[%emt
00:00:17]} Ke8 {[%clk 01:18:18]} {[%emt 00:00:20]} 61. f7+ {[%clk 01:04:17]}
{[%emt 00:01:09]} Kf8 {[%clk 01:18:08]} {[%emt 00:00:41]} 62. Rh8+ {[%clk
01:04:21]} {[%emt 00:00:25]} Ke7 {[%clk 01:18:32]} {[%emt 00:00:06]} 63. f8=Q+
{[%clk 01:04:38]} {[%emt 00:00:13]} Ke6 {[%clk 01:18:47]} {[%emt 00:00:16]} 64.
Qxa3 {[%clk 01:04:59]} {[%emt 00:00:09]} Ke5 {[%clk 01:19:08]} {[%emt
00:00:10]} 65. Qf3 {[%clk 01:05:13]} {[%emt 00:00:15]} Ke6 {[%clk 01:19:30]}
{[%emt 00:00:09]} 66. Re8+ {[%clk 01:05:27]} {[%emt 00:00:16]} Kd7 {[%clk
01:19:52]} {[%emt 00:00:08]} 67. Qb7+ {[%clk 01:05:07]} {[%emt 00:00:50]} Kd6
{[%clk 01:19:57]} {[%emt 00:00:25]} 68. Qe7+ {[%clk 01:05:10]} {[%emt
00:00:25]} Kc6 {[%clk 01:20:21]} {[%emt 00:00:07]} 69. Rd8 {[%clk 01:05:20]}
{[%emt 00:00:19]} Kc5 {[%clk 01:20:45]} {[%emt 00:00:07]} 70. Qc7+ {[%clk
01:05:42]} {[%emt 00:00:07]} Kb5 {[%clk 01:21:04]} {[%emt 00:00:11]} 71. Rb8+
{[%clk 01:06:05]} {[%emt 00:00:07]} Ka6 {[%clk 01:21:24]} {[%emt 00:00:10]} 72.
Qb6# {[%clk 01:06:26]} {[%emt 00:00:09]} 1-0